Statistics for Top 10 biggest islands

Click here to take the quiz!

General Stats

  • This quiz has been taken 28 times
  • The average score is 8 of 10

Answer Stats

Area(sq mi)Island% Correct
822,700Greenland
100%
87,200Honshu
92%
288,869Borneo
88%
226,658Madagascar
88%
80,823Great Britain
79%
195,928Baffin
75%
171,068Sumatra
71%
303,381New Guinea
67%
75,767Ellesmere
58%
83,897Victoria
54%

Score Distribution

Percentile by Number Answered

Percent of People with Each Score

Your Score History

You have not taken this quiz